Historical and future eclipses with notes on planets double stars and other celestial matters (Record no. 664)

MARC details
000 -LEADER
fixed length control field 00513nam a2200169Ia 4500
003 - CONTROL NUMBER IDENTIFIER
control field IN-BaIIA
008 - FIXED-LENGTH DATA ELEMENTS--GENERAL INFORMATION
fixed length control field 211028s9999 xx 000 0 eng d
040 ## - CATALOGING SOURCE
Transcribing agency IIA Library
080 ## - UNIVERSAL DECIMAL CLASSIFICATION NUMBER
Universal Decimal Classification number 523.7
Item number JOH
100 ## - MAIN ENTRY--PERSONAL NAME
Personal name Johnson, S. J.
9 (RLIN) 1443
245 #0 - TITLE STATEMENT
Title Historical and future eclipses with notes on planets double stars and other celestial matters
Statement of responsibility, etc. S. J. Johnson
260 ## - PUBLICATION, DISTRIBUTION, ETC.
Place of publication, distribution, etc. Oxford
Name of publisher, distributor, etc. James Parker and Company
Date of publication, distribution, etc. 1896
300 ## - PHYSICAL DESCRIPTION
Extent viii, 178p
650 ## - SUBJECT ADDED ENTRY--TOPICAL TERM
Topical term or geographic name entry element Eclipses-Sun
9 (RLIN) 1444
650 ## - SUBJECT ADDED ENTRY--TOPICAL TERM
Topical term or geographic name entry element Sun-Eclipses
9 (RLIN) 1445
942 ## - ADDED ENTRY ELEMENTS (KOHA)
Koha item type Books
Holdings
Withdrawn status Lost status Damaged status Not for loan Home library Current library Shelving location Date acquired Total Checkouts Full call number Barcode Date last seen Price effective from Koha item type
        IIA Library-Bangalore IIA Library-Kodaikanal General Stacks     523.7/ JOH 687 05/11/2021   Books

Powered by Koha